000
00289nam a2200109Ia 4500
008
220216s9999 xx 000 0 und d
100
_a
Rejikumar R
245
0
_a
Rubberathishttitha pareekshanasalakalum antherdesiya angeekaravum
260
_b
Rubber
_c
2008
300
_a
13-14.
942
_c
ML
999
_c
72835
_d
72835